| 000 | nam a22 a 4500 | ||
|---|---|---|---|
| 999 |
_c3170 _d3170 |
||
| 003 | AKMAL | ||
| 005 | 20170519160236.0 | ||
| 008 | 170519 2002 us 000 0 eng d | ||
| 020 |
_a013066927X (hbk.) : _cRM75.60 |
||
| 040 | _cAKMAL | ||
| 082 | _a658.302 ROB | ||
| 090 | 2 | 0 |
_a658.302 _bROB |
| 100 | 1 |
_aRobbins, Stephen P. _96538 |
|
| 245 | 1 | 4 |
_aThe truth about managing people ... and nothing but the truth / _cStephen P. Robbins |
| 260 |
_aLondon : _bFinancial Times Prentice Hall , _c2002 |
||
| 300 |
_axvi, : 211p. ; _c19cm. |
||
| 440 |
_aFinancial Times Prentice Hall books _96539 |
||
| 504 | _aIncludes bibliographical references and index | ||
| 650 | 0 |
_aSupervision of employees _95850 |
|
| 942 |
_2ddc _cBOOK |
||